01215 2200337 4500001002100000005001500021035002000036007000300056008004100059020002200100082001600122084001800138100003200156245022400188300004100412650004400453700003600497700003900533700003100572700003400603504003000637264003600667336002100703337003000724338002300754040002200777090002200799850001200821999002200833990002200855INLIS00000000087746920230321013410 a0010-0323000736ta230321t2022 yoia g 000 0 ind d a978-979-28-4484-904223a323.607 a323.607 AMI p0 aAmin SuprihatiniePengarang10aPendidikan pancasila dan kewarganegaraan untuk SMA/MA mata pelajaran wajib kelas X semester 1 /cAmin Suprihatini, Ramadhan Edi Saputra ; penyunting, Aprilia Nur Kurniawati ; ilustrator, Slamet Riyadi, Doly Eny Khalifah aviii, 136 halaman :bgambar ;c28 cm 4aKewarganegaraan -- Studi dan pengajaran0 aRamadhan Edi SaputraePengarang0 aAprilia Nur KurniawatiePenyunting0 aSlamet Riyadi,eIlustrator0 aDoly Eny KhalifaheIlustrator aBibliografi : halaman 13031aBantul :bIntan Pariwara,c2022 2rdacontentateks 2rdamediaatanpa perantara 2rdacarrieravolume aYOPDYOGbinderda aCB-D.11 2022-2776 aYOPDYOG aCB-D.11/2022-2776 aCB-D.11/2022-2776